The Very Hungry Caterpillar Quiz Stats

 Plays Quiz Updated Mar 6, 2020

Support Sporcle.
Go Orange.
Score 0/221 Timer 08:00
1 Play Today
% Correct
a
96.2%
a
96.2%
a
96.2%
a
96.2%
a
96.2%
a
96.2%
a
96.2%
a
96.2%
a
96.2%
a
96.2%
the
96.1%
the
96.1%
the
96.1%
the
96.1%
The
96.1%
The
96.1%
the
96.1%
hungry
95.9%
hungry.
95.9%
hungry.
95.9%
hungry.
95.9%
hungry.
95.9%
hungry.
95.9%
hungry
95.9%
caterpillar.
94.5%
caterpillar
94.5%
caterpillar
94.5%
caterpillar.
94.5%
very
90.6%
ate
84.6%
ate
84.6%
ate
84.6%
ate
84.6%
ate
84.6%
ate
84.6%
ate
84.4%
on
84.1%
On
84.1%
On
84.1%
On
84.1%
On
84.1%
On
84.1%
On
84.1%
He
84%
he
84%
he
84%
he
84%
he
84%
he
84%
he
84%
he
84%
he
84%
he
84%
he
84%
he
84%
he
84%
he
84%
he
84%
He
84%
He
84%
He
84%
he
84%
was
82.8%
was
82.8%
was
82.8%
was
82.8%
was
82.8%
was
82.8%
was
82.8%
was
82.8%
he
81.8%
But
81.8%
but
81.8%
but
81.8%
% Correct
but
81.8%
but
81.8%
leaf.
73.8%
leaf,
73.8%
and
73.5%
and
73.5%
and
73.5%
and
73.5%
- and
73.5%
and
73.5%
butterfly!
73.2%
One
72.5%
one
72.5%
one
72.5%
one
72.5%
one
72.5%
one
72.5%
one
72.5%
one
72.5%
one
72.5%
one
72.5%
one
72.5%
one
72.5%
one
72.5%
In
70.6%
in
70.6%
still
70.6%
still
70.6%
still
70.6%
still
70.6%
still
70.6%
two
67.9%
two
67.9%
apple.
67.6%
day
67.1%
of
66.5%
of
66.5%
of
66.5%
of
66.5%
of
66.5%
of
66.5%
of
66.5%
three
66.1%
Monday
65.4%
four
65.1%
Tuesday
65.1%
Thursday
64.6%
Wednesday
64.6%
five
64.4%
Friday
64.3%
Saturday
63.6%
sun
62.6%
beautiful
62.3%
Sunday
61.2%
Sunday
61.2%
to
56.3%
for
50.1%
for
50.1%
cocoon,
48.1%
cocoon,
48.1%
big,
47.9%
Then
46.5%
little
46.5%
little
46.5%
came
46.1%
came
46.1%
Out
45.7%
out
45.7%
morning
45.1%
up
43.6%
cake,
43.4%
green
43.3%
through
43%
through
43%
% Correct
through
43%
through
43%
through
43%
through
43%
through
43%
pie,
42.1%
egg,
42%
egg
42%
pears,
38.5%
oranges,
38.4%
That
38.4%
that
38.4%
night
38.1%
next
37.7%
strawberries,
37.2%
piece
37.1%
piece
37.1%
some
35.7%
small
35.6%
slice
35.5%
slice
35.5%
slice
35.5%
had
35.4%
plums,
35.4%
fat
35%
food.
34.9%
chocolate
34%
lay
33.7%
wasn't
33.6%
wasn't
33.6%
moon
33.6%
tiny
33%
light
32.7%
cherry
31.8%
watermelon.
31.5%
more
31.3%
look
31%
anymore
30.3%
anymore.
30.3%
cheese,
28.9%
after
28.5%
his
27%
ice-cream
25.8%
weeks.
25.6%
lollipop,
25.5%
warm
25.1%
salami,
24.6%
than
24.6%
sausage,
24.4%
felt
24.1%
much
23.5%
pop!
22.5%
Swiss
22.1%
hole
21.9%
stomachache!
21.2%
again.
21.1%
better.
21%
cone,
20.8%
built
20.7%
pickle,
20.6%
started
20.4%
nice
20.4%
Now,
20.1%
stayed
20%
inside
19.9%
himself.
19.1%
cupcake
18.7%
house,
18.4%
called
17.3%
around
16.6%
way
15%
nibbled
11.2%
pushed
10.3%

From the Vault

Words Within Words 'T' Blitz

by Scuadrado

Language 90s
We're using the letter 'T' to upgrade as many words as possible.
Remove Ads.
Support Sporcle.
Get the best of Sporcle when you Go Orange. This ad-free experience offers more features, more stats, and more fun while also helping to support Sporcle. Thank you for becoming a member.

Show Comments

Extras

Top Quizzes Today


Score Distribution

Your Account Isn't Verified!

In order to create a playlist on Sporcle, you need to verify the email address you used during registration. Go to your Sporcle Settings to finish the process.

Report this User

Report this user for behavior that violates our Community Guidelines.

Details: